000 01235cam a2200313 a 4500
999 _c522534
_d522534
001 2086170
003 NUST
005 20181031042254.0
008 950228s1996 nyua b 001 0 eng
010 _a 95006839
020 _a0195078241 (acidfree paper)
038 _aWASEEM
040 _aDLC
_cDLC
_dDLC
050 0 0 _aHD2326
_b.W494 1996
082 0 0 _a658.4
_bWIL
100 1 _aWilliamson, Oliver E.
_912476
245 1 4 _aThe mechanisms of governance /
_cOliver E. Williamson.
260 _aNew York :
_bOxford University Press,
_cc1996.
300 _axii, 429 p. :
_bill. ;
_c24 cm.
504 _aIncludes bibliographical references (p. 381-410) and index.
650 0 _aIndustrial organization (Economic theory)
_95323
650 0 _aCorporate governance.
_912477
650 0 _aTransaction costs.
_912478
856 4 2 _3Publisher description
_uhttp://www.loc.gov/catdir/enhancements/fy0603/95006839-d.html
856 4 2 _3Contributor biographical information
_uhttp://www.loc.gov/catdir/enhancements/fy0723/95006839-b.html
906 _a7
_bcbc
_corignew
_d1
_eocip
_f19
_gy-gencatlg
942 _2ddc
_cBK